Опыт изучения газлийских землетрясений и направления дальнейших исследований (Запись № 7204507)

Подробности
000 -МАРКЕР
контрольное поле 01343nam0a22002651 4500
001 - ИДЕНТИФИКАТОР ЗАПИСИ
контрольное поле rc\769661
005 - ИДЕНТИФИКАТОР ВЕРСИИ
контрольное поле 20250622124852.0
035 ## - ДРУГИЕ СИСТЕМНЫЕ НОМЕРА
Идентификатор записи (NLR Aleph) 006296376
100 ## - ДАННЫЕ ОБЩЕЙ ОБРАБОТКИ
Данные общей обработки 20040301d1985 |||y0rusy50 ca
101 0# - ЯЗЫК РЕСУРСА
Язык текста, звукозаписи и т.д. русский
102 ## - СТРАНА ПУБЛИКАЦИИ ИЛИ ПРОИЗВОДСТВА
Страна публикации российская федерация
105 ## - ПОЛЕ КОДИРОВАННЫХ ДАННЫХ: ТЕКСТОВЫЕ МАТЕРИАЛЫ, МОНОГРАФИЧЕСКИЕ
Кодированные данные о монографическом текстовом документе y |||||||||
200 1# - ЗАГЛАВИЕ И СВЕДЕНИЯ ОБ ОТВЕТСТВЕННОСТИ
Основное заглавие Опыт изучения газлийских землетрясений и направления дальнейших исследований
Сведения, относящиеся к заглавию Тез. докл. всесоюз. совещ., Ташкент, 16-18 мая 1985 г.
Первые сведения об ответственности [Редкол.: Г.А. Мавлянов (отв. ред.) и др.]
210 ## - ПУБЛИКАЦИЯ, РАСПРОСТРАНЕНИЕ И ДР.
Место издания, распространения и т.д. Ташкент
Имя издателя, распространителя и т. д. Фан
Дата издания, распространения и т.д. 1985
215 ## - ФИЗИЧЕСКАЯ ХАРАКТЕРИСТИКА
Специфическое обозначение материала и объем 88 с.
Размеры 20
300 ## - ОБЩИЕ ПРИМЕЧАНИЯ
Текст примечания В надзаг.: Междувед. совет по сейсмологии и сейсмостойкому стр-ву при Президиуме АН СССР, АН УзССР, Ин-т сейсмологии
702 #1 - ИМЯ ЛИЦА - ВТОРИЧНАЯ ОТВЕТСТВЕННОСТЬ
Код отношения Редактор
Графика поля Кириллица
Материалы, к которым относится поле rus
Начальный элемент ввода Мавлянов
Часть имени, кроме начального элемента ввода Г. А.
Даты 1910-1988
Расширение инициалов личного имени Гани Арифханович
Системный номер авторитетной/нормативной записи 267303
Идентификатор авторитетной/нормативной записи RU\NLR\AUTH\770267359
712 02 - НАИМЕНОВАНИЕ ОРГАНИЗАЦИИ - ВТОРИЧНАЯ ОТВЕТСТВЕННОСТЬ
Начальный элемент ввода Междуведомственный совет по сейсмологии и сейсмостойкому строительству
Идентифицирующий признак Москва
801 #0 - ИСТОЧНИК ЗАПИСИ
Страна российская федерация
Организация NLR
Правила каталогизации psbo
801 #1 - ИСТОЧНИК ЗАПИСИ
Страна российская федерация
Организация ELAR
Источник данных rusmarc
852 ## - МЕСТОНАХОЖДЕНИЕ И ШИФР ХРАНЕНИЯ
Идентификатор организации NLR
Шифр хранения (Call Number) 85-4/27316
942 ## - ДОПОЛНИТЕЛЬНЫЕ ЭЛЕМЕНТЫ ЗАПИСИ (АБИС)
Тип экземпляра АБИС Книга
980 ## - КОЛЛЕКЦИЯ
Название коллекции Национальная библиография
Экземпляры
Тип экземпляра Дата поступления Библиотека постоянного хранения Библиотека текущего хранения Место хранения Шифр хранения Штрих-код Статус не для выдачи
Книга 26.10.2013 РНБ (Московский) РНБ (Московский) Русский книжный фонд: издания с 1957 года, 9этаж 85-4/27316 1-4597106